000 00668nam a2200241Ia 4500
003 OSt
005 20220924113057.0
006 a|||||r|||| 00| 0
007 ta
008 220923b |||||||| |||| 00| 0 eng d
024 _a56374
037 _cDictionary
040 _aARTS
_cARTS
_beng
041 _2eng
_aeng
082 _aP123k, 111L3
100 _aGerrard A B
_9169420
245 0 _aCassell's beyond the dictionary in Spanish
_b A handbook of everyday usage
260 _aN
_bYork Funk
_c1973
300 _axxi, 226p.
_ccm.
650 _aLINGUISTICS
942 _hP123k, 111L3
_cdic
_2cc
999 _c389157
_d389157